| 000 | 00978nam a2200277 a 4500 | ||
|---|---|---|---|
| 001 | BRCA_7525 | ||
| 005 | 20190320205855.0 | ||
| 008 | 160513s1951----fr-a######---#000-0#eng-# | ||
| 041 | _aengfre | ||
| 044 | _afr | ||
| 050 | 4 |
_aND1650 _b.C37 1951 |
|
| 245 | 1 | 0 |
_aThe care of paintings = Le traitement des peintures _cUNESCO. |
| 260 |
_aParís _bImp. Union _c1951 |
||
| 300 |
_a162 p. _bil. (algunas a color) _c31 cm. |
||
| 500 | _aPublicación periódica inventariada como libro por el Banco de México | ||
| 500 | _aThe articles published here first appeared in ´Museum´, v. III, nos. 2, 3, 1950 ; IV, no. 1, 1951 | ||
| 500 | _aIncluye índice de ilustraciones y tabla de materias | ||
| 500 | _aR76 | ||
| 546 | _aTexto en: inglés y francés | ||
| 650 | 1 | 4 |
_aPinturas _vCuidado y tratamiento _918564 |
| 650 | 1 | 4 |
_aPinturas _xConservación y restauración _918565 |
| 710 | 2 |
_aUNESCO _918566 |
|
| 740 | 0 | _aLe traitement des peintures | |
| 902 | _aGFM | ||
| 942 |
_2lcc _cB |
||
| 999 |
_c7199 _d7199 |
||